[Event "BL2 Ost 1415 (Women)"]
[Site "Germany"]
[Date "2014.09.27"]
[Round "1.5"]
[White "Heyme, Sibylle"]
[Black "Schott, Elisabeth"]
[Result "1-0"]
[WhiteElo "2025"]
[BlackElo "1556"]
[PlyCount "41"]
[EventDate "2014.09.27"]
[EventType "team-tourn"]
[EventRounds "7"]
[EventCountry "GER"]
[SourceTitle "CBM 166 Extra"]
[Source "ChessBase"]
[SourceDate "2015.06.18"]
[SourceVersion "1"]
[SourceVersionDate "2015.06.18"]
[SourceQuality "1"]
[WhiteTeam "Berlin Rotation (W)"]
[BlackTeam "Zeulenroda (W)"]
[WhiteTeamCountry "GER"]
[BlackTeamCountry "GER"]

1. e4 c6 2. d4 d5 3. Nc3 dxe4 4. Nxe4 Nd7 5. Nf3 Ngf6 6. Ng3 e6 7. Bd3 Bd6 8. Qe2 0-0 9. Bg5 Qc7 10. Ne4 Nd5 11. Nxd6 Qxd6 12. 0-0-0 b6 13. Ne5 N5f6 14. h4 h6 15. g4 Nxg4 16. Qxg4 hxg5 17. hxg5 f5 18. gxf6 Rxf6 19. Rdg1 Qe7 20. Qh4 Rh6 21. Qxe7 1-0